000 01025nam a2200265 a 4500
999 _c12048
_d12048
001 12048
003 BD-JhCC
005 20210309105909.0
008 171004s2020 bg |||| ||a| 000 0 ben d
020 _a9789848018584
035 _a(BD-JhCC) 12048
040 _aBD-JhCC
_dBD-JhCC
041 _abengali
082 _a813.54
_bCHI 2020
100 _aশিয়াং, টেড
245 _aস্টোরিজ অফ ইয়োর লাইফ অ্যান্ড আদার্স /
_cটেড শিয়াং, অনুঃ সালমান হক,তানজীম রহমান, লুৎফুল কায়সার ।
260 _aঢাকা:
_bআফসার ব্রাদার্স;
_c২০২০.
300 _a২৩১পৃ. :
_c২০ সে.মি
650 _aScience Fiction
700 _aহক,সালমান
700 _aরহমান, তানজীম
700 _aকায়সার,লুৎফুল
942 _2ddc
_cBK
_08